Giant Rooks - New Estate - Statistiken

Allgemein
  • Dieses Quiz wurde 9 mal gespielt
  • Das Durchschnittsergebnis liegt bei 251 aus 330
Antwortstatistiken
Antwort % Korrekt
A
100%
An
100%
And
100%
Can
100%
Down
100%
Eyes
100%
For
100%
I
100%
It
100%
See
100%
The
100%
To
100%
We
100%
You
100%
Again
89%
Be
89%
Been
89%
Believe
89%
By
89%
Ghost
89%
In
89%
Is
89%
More
89%
My
89%
Or
89%
Out
89%
She
89%
She's
89%
She‘s
89%
Side
89%
Week
89%
Your
89%
All
78%
At
78%
Count
78%
Little
78%
Me
78%
Morning
78%
Oh
78%
Passing
78%
Time
78%
Upper
78%
Change
67%
Estate
67%
Glows
67%
Head
67%
Honey
67%
Hours
67%
Least
67%
LEast
67%
Lies
67%
New
67%
Night
67%
Read
67%
Single
67%
These
67%
Until
67%
Always
56%
Behind
56%
Counting
56%
Flows
56%
From
56%
Future
56%
Gonna
56%
Have
56%
It‘s
56%
Land
56%
Leave
56%
Like
56%
Milk
56%
Moon
56%
One
56%
Same
56%
What
56%
Where
56%
Alone
44%
As
44%
Chosen
44%
Cloud
44%
Didn‘t
44%
Different
44%
Does
44%
Felt
44%
Gone
44%
Hold
44%
Need
44%
Old
44%
Our
44%
Picture
44%
Said
44%
Serena
44%
Tell
44%
Thought
44%
Through
44%
Us
44%
Veins
44%
Want
44%
Whole
44%
Believed
33%
Can‘t
33%
Easy
33%
Road
33%
Roads
33%
Sick
33%
Stayed
33%
Step
33%
Swear
33%
That
33%
Towns
33%
Way
33%
Fast
22%
I‘ve
22%
Of
22%
Right
22%
Upperside
22%
Dead
11%
Nothing
11%
Spin
11%
Huh
0%
Keine übereinstimmenden Quizze gefunden
Verteilung der Resultate
Anzahl Personen mit jedem Resultat
Perzentil nach korrekt beantworteten Fragen
Ihre Resultats-Entwicklung
Sie haben dieses Quiz noch nicht gespielt